000 00506nam a2200205Ia 4500
001 14944
003 GE_BSU
008 181216s||||||||xx |||||||||||||| ||und||
040 _cGE_BSU
080 _a512.64
100 _aБоревич,З.И.
245 _aОпределители и матрицы
250 _a2-е изд.
260 _aМосква
260 _bНаука
260 _c1970
300 _a198стр.20см.
653 _aОпределители и матрицы
942 _cBK
999 _c48064
_d48064